000 01331nam0a2200301 4500
001 RU\NLR\bibl\1452650
005 20250615232359.0
010 _a978-5-222-15933-0
_92500
021 _aRU
_b2009-87153
_95486
035 _a(NLR Aleph) 001444460
090 _a1483681
_c1483681
100 _a20091216d2009 |||y0rusy50 ca
101 0 _arus
102 _aRU
105 _ay |||||||||
200 1 _aГигиена физического воспитания и спорта
_eкурс лекций
_eучебное пособие для студентов вузов, обучающихся по специальности 050720 (033100) - физическая культура
_fЕ.А. Багнетова
210 _aРостов-на-Дону
_cФеникс
_d2009
215 _a251 с.
_d21
225 1 _aСерия "Высшее образование"
320 _aБиблиогр.: с. 247-249
606 1 _aФизическое воспитание
_jУчебные издания для высших учебных заведений
_xГигиена
_91868165
_3RU\NLR\auth\661138840
686 _aЧ510.8я7
700 1 _aБагнетова
_bЕ. А.
_gЕлена Александровна
_4070
801 0 _aRU
_bNLR
_c20091216
_gRCR
801 1 _aRU
_bNLR
_c20091216
942 _cBOOK
980 _aNB